000 00318nam a2200145Ia 4500
100 _aTrommer I/ Schnitz
942 _cBK
654 _aunix
245 _aSystem Administration Under Unix
260 _bGalgotia
_aNew Delhi
_c1995
082 _a005.13 U TRO
_bSC
300 _a248
546 _aENGLISH
999 _c26230
_d26230